| 000 | 00492nam a2200193Ia 4500 | ||
|---|---|---|---|
| 003 | GCL | ||
| 008 | 140319s9999 xx 000 0 eng d | ||
| 040 |
_aGCL / _cGCL |
||
| 082 | 0 | 4 |
_a070.5 _bH C |
| 100 | 1 | _aMARTIN, HENRY | |
| 245 | 1 | 0 |
_aHISTOIRE DE L'EDITON FRANCAISE: LE LIVRE TRIOMPHART / _cMARTIN, HENRY |
| 700 | 1 | _aCHARTIER, ROGER | |
| 260 |
_a[S.N] : _bFAYARD ، _c1990 |
||
| 300 | _a909 P | ||
| 650 | 0 | 4 | _aEDITEURS |
| 650 | 0 | 4 | _aHISTORY |
| 650 | 0 | 4 | _aPUBLISHING |
| 942 |
_2ddc _cBK |
||
| 999 |
_c24337 _d24337 |
||